I falsari della scienza : la truffa farmacologica, la pseudoricerca sul cancro, le terapie mortali ma redditizie /

সংরক্ষণ করুন:
গ্রন্থ-পঞ্জীর বিবরন
প্রধান লেখক: Ruesch, Hans (লেখক)
বিন্যাস: গ্রন্থ
ভাষা:ইতালিয়
প্রকাশিত: Roma : Edizioni Civis, 1984
সংস্করন:2. ed
ট্যাগগুলো: ট্যাগ যুক্ত করুন
কোনো ট্যাগ নেই, প্রথমজন হিসাবে ট্যাগ করুন!

MARC

LEADER 00000nam a22000007i 4500
001 IT\ICCU\TO0\1739925
003 ItRI
005 20240130190027.0
008 091110s1984 it |||||| ||||| |||||c
040 |b ita  |c GP 
041 7 |a ita  |2 ISO-639-2 
100 1 |a Ruesch, Hans  |0 IT\ICCU\CFIV\113317  |4 aut 
245 1 2 |a I falsari della scienza :  |b la truffa farmacologica, la pseudoricerca sul cancro, le terapie mortali ma redditizie /  |c Hans Ruesch. 
250 |a 2. ed 
260 |a Roma :  |b Edizioni Civis,  |c 1984 
300 |a 40, XXXX p. :  |b ill. ;  |c 24 cm. 
942 |2 ddc  |c BK 
952 |0 0  |1 0  |2 ddc  |4 0  |6 179_400000000000000_RUE  |7 1  |9 566  |a RM  |b RM  |d 2024-01-30  |l 0  |o 179.4 RUE  |p 63  |r 2024-01-30 19:00:50  |w 2024-01-30  |y BK 
981 1 |6 z01  |a i   |b xxxe  
982 1 |6 z01  |a n 
999 |c 503  |d 503